Wiedza ogólna - prawda czy fałsz? #2 - Statystyki

Ogólne statystyki
  • Ten quiz został rozwiązany 3 105 razy
  • Średni wynik to 13 z 18
Statystyki odpowiedzi
Zagadnienie Odpowiedź % Poprawnych
Karmel powstaje przez podgrzanie cukru Prawda
96%
Flaga Grecji ma dwa kolory: niebieski i biały Prawda
96%
Malaria przenoszona jest przez komary Prawda
94%
Mount Everest jest wulkanem Fałsz
93%
Islamskie przepisy żywieniowe zabraniają spożywania wieprzowiny Prawda
86%
Chipy komputerowe są zwykle wykonane z krzemu Prawda
82%
Enya to zespół heavy metalowy Fałsz
77%
W pogodny dzień można zobaczyć Anglię z Francji Prawda
76%
Istnieje możliwość produkcji syntetycznych kamieni diamentowych Prawda
76%
Piosenkarka popowa Madonna urodziła się w Anglii Fałsz
75%
Hiszpańskie słowo oznaczające kapelusz to „sombrero” Prawda
72%
Stany Zjednoczone emitują więcej dwutlenku węgla niż jakiekolwiek inne państwo Fałsz
70%
Jak ktoś mówi po mandaryńsku to zrozumie kantoński i odwrotnie Fałsz
68%
Przeciętny mężczyzna ma niższy procent tkanki tłuszczowej niż przeciętna kobieta Prawda
62%
Indyki potrafią latać w krótkich seriach, na przykład na dach Prawda
61%
Słonie są dobrymi pływakami Prawda
53%
Jeśli rzucisz parą kości, każdy możliwy wynik od 2 do 12 jest równie prawdopodobny Fałsz
40%
Według buddyzmu, gdy człowiek osiąga „nirwanę”, jego ciało znika, a dusza wznosi się do nieba Fałsz
37%
Nie znaleziono quizów pasujących do podanych kryteriów
Rozkład punktacji
Procent ludzi z każdym wynikiem
Percentyl według liczby udzielonych odpowiedzi
Twoja historia wyników
Nie rozwiązałeś tego quizu